00269nam a2200109Ia 4500008004100000041000800041082001600049100002300065245003100088260002600119300001400145220530s9999 xx 000 0 und d aeng a891.46bTEJ aTejparkhi Sirshree aShodh Swahatacha (Marathi) aPunebWow Publication a240 PbPB